000
002330000a22000970004500
100
1
_a
Clifton Reitmeier, Pamela
245
1
0
_a
On the road with radio rurale
300
_a
Núm 1 (1989), Páginas 8
773
0
_t
Paso a paso
942
_c
ANA
999
_c
52029
_d
52029